| 000 | 00424nam a22001697a 4500 | ||
|---|---|---|---|
| 003 | OSt | ||
| 020 | _a9781133309321 | ||
| 082 |
_a001.42 _bROY/RE |
||
| 100 | _aMichael K Le Roy | ||
| 245 |
_aResearch Methods in Political Science _bAn Introduction Using Microcases |
||
| 250 | _a8th | ||
| 260 |
_aCanada _bCengage Learning _c2011 |
||
| 300 | _a300 | ||
| 650 | _aSampling | ||
| 700 | _aMichael K Le Roy | ||
| 942 |
_2ddc _cBK |
||
| 999 |
_c189406 _d189406 |
||